Hold on, that's my land. (Record no. 60707)

MARC details
000 -LEADER
fixed length control field 00629cam a2200169 4500
001 - CONTROL NUMBER
control field ABS61021
008 - FIXED-LENGTH DATA ELEMENTS--GENERAL INFORMATION
fixed length control field 000000n1999 000 0 eng u
035 ## - SYSTEM CONTROL NUMBER
System control number (Sirsi) u101575
100 ## - MAIN ENTRY--PERSONAL NAME
Personal name Colby, A.
245 ## - TITLE STATEMENT
Title Hold on, that's my land.
260 ## - PUBLICATION, DISTRIBUTION, ETC.
Date of publication, distribution, etc. 1999
490 ## - SERIES STATEMENT
Series statement Estates Gazette
Volume/sequential designation (9928) 17 July 1999, 116-117(2)
520 ## - SUMMARY, ETC.
Summary, etc. Discusses proposals by the Law Commission to provide better protection for owners of registered land against squatters' adverse possession claims. Outlines the principal recommendations of the consultation paper.
650 ## - SUBJECT ADDED ENTRY--TOPICAL TERM
Topical term or geographic name entry element SQUATTERS
690 ## - LOCAL SUBJECT ADDED ENTRY--TOPICAL TERM (OCLC, RLIN)
Topical term or geographic name as entry element PROPERTY LAW AND PRACTICE
942 ## - ADDED ENTRY ELEMENTS (KOHA)
Suppress in OPAC 0
Holdings
Withdrawn status Lost status Source of classification or shelving scheme Damaged status Not for loan Home library Current library Shelving location Date acquired Total Checkouts Full call number Barcode Date last seen Copy number Price effective from Koha item type
    Dewey Decimal Classification     London London Journal article 05/11/1999   ABS61021 101575-1001 06/08/2019 1 06/08/2019 Journal article